All European Cup / UEFA Champions League Finalists - Statistics

General Stats
  • This quiz has been taken 750 times
    162 since last reset
  • The average score is 33 of 42
Answer Stats
Years Answer % Correct
★1956, ★1957, ★1958, ★1959, ★1960, 1962, 1964, ★1966, 1981, ★1998, ★2000, ★2002, ★2014, ★2016, ★2017, ★2018, ★2022, ★2024 (18 finals) 🏆15x Real Madrid (SPA)
99%
★1977, ★1978, ★1981, ★1984, 1985, ★2005, 2007, 2018, ★2019, 2022 (10) 🏆6x Liverpool (ENG)
99%
2021, ★2023 (2) 🏆1x Manchester City (ENG)
98%
1961, 1986, 1992, ★1994, ★2006, ★2009, ★2011, ★2015 (8) 🏆5x Barcelona (SPA)
98%
1958, ★1963, ★1969, ★1989, ★1990, 1993, ★1994, 1995, ★2003, 2005, ★2007 (11) 🏆7x AC Milan (ITA)
98%
1973, 1983, ★1985, ★1996, 1997, 1998, 2003, 2015, 2017 (9) 🏆2x Juventus (ITA)
97%
★1964, ★1965, 1967, 1972, ★2010, 2023, 2025 (7) 🏆3x Internazionale Milano (ITA)
97%
2008, ★2012, ★2021 (3) 🏆2x Chelsea (ENG)
96%
★1974, ★1975, ★1976, 1982, 1987, 1999, ★2001, 2010, 2012, ★2013, ★2020 (11) 🏆6x Bayern München (GER)
96%
1969, ★1971, ★1972, ★1973, ★1995, 1996 (6) 🏆4x Ajax (NET)
95%
2020, ★2025, ★2026 (3) 🏆2x Paris Saint-Germain (FRA)
94%
★1987, ★2004 (2) 🏆2x Porto (POR)
94%
★1968, ★1999, ★2008, 2009, 2011 (5) 🏆3x Manchester United (ENG)
94%
★1997, 2013, 2024 (3) 🏆1x Borussia Dortmund (GER)
93%
2019 (1) Tottenham Hotspur (ENG)
93%
1974, 2014, 2016 (3) Atlético Madrid (SPA)
91%
1991, ★1993 (2) 🏆1x Olympique de Marseille (FRA)
89%
★1961, ★1962, 1963, 1965, 1968, 1988, 1990 (7) 🏆2x Benfica (POR)
88%
2006, 2026 (2) Arsenal (ENG)
88%
★1988 (1) 🏆1x PSV Eindhoven (NET)
86%
★1982 (1) 🏆1x Aston Villa (ENG)
84%
2000, 2001 (2) Valencia (SPA)
83%
★1979, ★1980 (2) 🏆2x Nottingham Forest (ENG)
82%
★1967, 1970 (2) 🏆1x Celtic (SCO)
81%
★1991 (1) 🏆1x Red Star Belgrade | Crvena zvezda (SER)
80%
2004 (1) AS Monaco (FRA)
79%
★1970 (1) 🏆1x Feyenoord (NET)
78%
1980, ★1983 (2) 🏆1x Hamburger SV (GER)
78%
2002 (1) Bayer Leverkusen (GER)
73%
★1986, 1989 (2) 🏆1x FCSB | formerly Steaua București (ROM)
71%
1984 (1) AS Roma (ITA)
71%
1956, 1959 (2) Stade de Reims (FRA)
55%
1957 (1) Fiorentina (ITA)
50%
1975 (1) Leeds United (ENG)
50%
1992 (1) Sampdoria (ITA)
49%
1977 (1) Borussia Mönchengladbach (GER)
47%
1978 (1) Club Brugge (BEL)
47%
1960 (1) Eintracht Frankfurt (GER)
47%
1976 (1) Saint-Étienne (FRA)
45%
1971 (1) Panathinaikos (GRE)
43%
1979 (1) Malmö (SWE)
42%
1966 (1) Partizan (SER)
38%
No matching quizzes found
Score Distribution
Percent of People with Each Score
Percentile by Number Answered
Your Score History
You have not taken this quiz since the last reset